000 00446nam a2200181Ia 4500
001 3740
005 20260306145705.0
008 260306t2016||||xx |||||||||||||| ||spa||
041 _aESP
082 _a302.2242
_bF74A 2016
100 _aFonseca Yerena, María del Socorro
_eAUT
245 0 _aComunicación oral y escrita
260 _c2016
300 _a322 páginas :
_c27 cm.
650 _aGEN
654 _aCED
942 _cLIB
_dJUS
_fJUS
_2ddc
_n
999 _c3740
_d3740